logo

Bir Sreshtho Munshi Abdur Rouf Library
Jhenaidah Cadet College

ফাতাওয়ায়ে আলমগীরী / (Record no. 6162)

MARC details
000 -LEADER
fixed length control field 00939nam a2200229 a 4500
001 - CONTROL NUMBER
JCCL Control Number 6161
003 - CONTROL NUMBER IDENTIFIER
JCCL marc code BD-JhCC
005 - DATE AND TIME OF LATEST TRANSACTION
control field 20180115191304.0
008 - FIXED-LENGTH DATA ELEMENTS--GENERAL INFORMATION
fixed length control field 180115s1999 bg |||| ||a| 000 0 mul d
020 ## - INTERNATIONAL STANDARD BOOK NUMBER
International Standard Book Number 9840605321
035 ## - SYSTEM CONTROL NUMBER
system control number (BD-JhCC)6162
040 ## - CATALOGING SOURCE
Original cataloging agency BD-JhCC
Modifying agency BD-JhCC
041 ## - LANGUAGE CODE
Language code of Book mul
082 ## - DEWEY DECIMAL CLASSIFICATION NUMBER
Classification number 340.59
Author mark and Year FAT 1999
245 ## - TITLE STATEMENT
Title ফাতাওয়ায়ে আলমগীরী /
Remainder of title বাদশা আবুল মুজাফ্ফর মুহাম্মদ মুহীউদ্দীন আওরংগযেব আলমগীর (র) (সম্পা.)
260 ## - PUBLICATION, DISTRIBUTION, ETC. (IMPRINT)
Place of publication, distribution, etc ঢাকা :
Name of publisher, distributor, etc ইসলামিক ফাউন্ডেশন;
Date of publication, distribution, etc 1999.
300 ## - PHYSICAL DESCRIPTION
Pagination 638 p. :
Dimensions 24 cm.
650 ## - SUBJECT ADDED ENTRY--TOPICAL TERM
Topical term or geographic name as entry element Islamic Law
700 ## - ADDED ENTRY--PERSONAL NAME
Personal name আলমগীর, বাদশা আবুল মুজাফ্ফর মুহাম্মদ মুহীউদ্দীন আওরংগযেব
942 ## - ADDED ENTRY ELEMENTS (KOHA)
Source of classification or shelving scheme Dewey Decimal Classification
Koha item type Books
Holdings
Source of classification or shelving scheme volume number Damaged status Not for loan Home library Current library Shelving location Date of accession Cost, normal purchase price Total Checkouts Full call number Barcode Date last seen Copy number Koha item type
Dewey Decimal Classification V-1     JCC Rouf Library JCC Rouf Library General Stacks 01/15/2018 240.00   340.59 FAT 1999 448 01/15/2018 C-1 Books
Dewey Decimal Classification V-2     JCC Rouf Library JCC Rouf Library General Stacks 01/15/2018 274.00   340.59 FAT 1999 449 01/15/2018 C-1 Books

JCC Library | Contacts | JCC Home

Last Update on 23 September 2017
Copyright @ 2017-2020 JCC Rouf Library
Rouf Library, Jhenidah Cadet College (JCC), Bangladesh